Sustainable Transport New Trends and Business Practices /

The aim of the book is to present the emerging environmental issues in organization and management of transport logistics. The scope of the book includes set of solutions which show different stakeholders’ viewpoints on sustainability. It points out how the transport operations organized and conduct...

Full description

Bibliographic Details
Corporate Author: SpringerLink (Online service)
Other Authors: Golinska, Paulina (Editor), Hajdul, Marcin (Editor)
Format: Electronic eBook
Language:English
Published: Berlin, Heidelberg : Springer Berlin Heidelberg, 2012.
Series:EcoProduction. Environmental Issues in Logistics and Manufacturing
Subjects:
Online Access:Full Text via HEAL-Link
LEADER 02851nam a22005535i 4500
001 978-3-642-23550-4
003 DE-He213
005 20151204172747.0
007 cr nn 008mamaa
008 120102s2012 gw | s |||| 0|eng d
020 |a 9783642235504  |9 978-3-642-23550-4 
024 7 |a 10.1007/978-3-642-23550-4  |2 doi 
040 |d GrThAP 
050 4 |a TA170-171 
050 4 |a TD195.B58 
072 7 |a TQ  |2 bicssc 
072 7 |a TCB  |2 bicssc 
072 7 |a TEC010000  |2 bisacsh 
072 7 |a SCI010000  |2 bisacsh 
082 0 4 |a 660.6  |2 23 
082 0 4 |a 628  |2 23 
245 1 0 |a Sustainable Transport  |h [electronic resource] :  |b New Trends and Business Practices /  |c edited by Paulina Golinska, Marcin Hajdul. 
264 1 |a Berlin, Heidelberg :  |b Springer Berlin Heidelberg,  |c 2012. 
300 |a X, 346 p.  |b online resource. 
336 |a text  |b txt  |2 rdacontent 
337 |a computer  |b c  |2 rdamedia 
338 |a online resource  |b cr  |2 rdacarrier 
347 |a text file  |b PDF  |2 rda 
490 1 |a EcoProduction. Environmental Issues in Logistics and Manufacturing 
505 0 |a On the way to sustainability in the transport sector -- Collaboration models for sustainable transport -- Information systems and information management supporting sustainable transport -- Intermodal transport and models for CO2 reduction. 
520 |a The aim of the book is to present the emerging environmental issues in organization and management of transport logistics. The scope of the book includes set of solutions which show different stakeholders’ viewpoints on sustainability. It points out how the transport operations organized and conducted in companies and regions might be consistent with the concept of sustainable development. The scope of the book takes into consideration trade-off relations between actors directly and indirectly involved in transport networks. Therefore, the authors present, in individual chapters, innovative approach to eco-friendly organization and coordination of transport processes, as well as management of transport networks. 
650 0 |a Environment. 
650 0 |a Production management. 
650 0 |a Environmental engineering. 
650 0 |a Biotechnology. 
650 0 |a Sustainable development. 
650 1 4 |a Environment. 
650 2 4 |a Environmental Engineering/Biotechnology. 
650 2 4 |a Sustainable Development. 
650 2 4 |a Operations Management. 
700 1 |a Golinska, Paulina.  |e editor. 
700 1 |a Hajdul, Marcin.  |e editor. 
710 2 |a SpringerLink (Online service) 
773 0 |t Springer eBooks 
776 0 8 |i Printed edition:  |z 9783642235498 
830 0 |a EcoProduction. Environmental Issues in Logistics and Manufacturing 
856 4 0 |u http://dx.doi.org/10.1007/978-3-642-23550-4  |z Full Text via HEAL-Link 
912 |a ZDB-2-EES 
950 |a Earth and Environmental Science (Springer-11646)